| 000 | 01208nmm a2200409 a 4500 | ||
|---|---|---|---|
| 003 | AR-BaBNM | ||
| 005 | 20251128203048.0 | ||
| 008 | 186119s1968 ||||||||||||||000 | spa|| | ||
| 040 | _cAR-BaBNM | ||
| 100 | 1 | _aGonzález, Diego | |
| 245 | 1 | 0 |
_aDidáctica o dirección del aprendizaje _bparte general |
| 250 | _a8ª ed. | ||
| 260 |
_aBuenos Aires _bCultural Centroamericana _c1968 |
||
| 300 | 1 | _axix, 394 p. | |
| 500 | 1 | _aDeclarada como obra de texto en Guatemala, El Salvador, Panamá, Colombia y Venezuela | |
| 650 | 4 | _aDIDACTICA | |
| 650 | 4 | _aAPRENDIZAJE | |
| 650 | 4 | _aMETODOS DE ENSENANZA | |
| 650 | 4 | _aMETODOS ACTIVOS | |
| 650 | 4 | _aMETODO INDUCTIVO | |
| 650 | 4 | _aMETODO GLOBAL | |
| 650 | 4 | _aMETODO DEDUCTIVO | |
| 650 | 4 | _aMETODOS DE ESTUDIO | |
| 650 | 4 | _aOBJETIVOS EDUCACIONALES | |
| 650 | 4 | _aMOTIVACION DEL ALUMNO | |
| 650 | 4 | _aCENTROS DE INTERES | |
| 650 | 4 | _aTAREAS ESCOLARES | |
| 650 | 4 | _aDOCENTES | |
| 650 | 4 | _aRELACION ALUMNO-DOCENTE | |
| 653 | 0 | _aPROBLEMAS EDUCATIVOS | |
| 653 | _aMETODO MONTESSORI | ||
| 653 | 0 | _aMETODO DECROLY | |
| 700 | 1 |
_aMartínez, Luciano R. _eprologuista |
|
| 700 | 1 |
_aAguayo, Alfredo M. _eprologuista |
|
| 942 | _cBK | ||
| 998 | _cCarmen | ||
| 999 |
_c1714 _d1714 |
||